• 首页
  • 本馆介绍
  • 公告通知
  • 最新文献
  • 馆藏检索
  • 电子资源
  • 读者导购
  • 参考咨询
  • 我的图书馆
  • 登录
  • 详细信息显示
  • 放入我的书架
  • 预约/预借图书
  • 作者相关作品
  • 分类相关作品
  • 丛书相关作品
  • 出版社相关作品

书目信息

  • 表格格式
  • 工作单格式
  • 卡片格式
题名:
归档网络信息价值判断模型研究
    
 
作者: 仇壮丽 , 吴绍龙 , 许冬玲 著
分册:  
出版信息: 湘潭   湘潭大学出版社  2022.01
页数: 149页
开本: 24cm
丛书名:
单 册:
中图分类: G255.76
科图分类:
主题词: 网络信息资源--档案整理--研究
电子资源:
ISBN: 978-7-5687-0465-6
000 01124nam0 2200253 450
001 012001003021
005 20140203114958.0
010    @a978-7-5687-0465-6@dCNY36.00
100    @a20220905d2020 em y0chiy50 ea
101 0  @achi
102    @aCN@b430000
105    @ay z 000yy
106    @ar
200 1  @a归档网络信息价值判断模型研究@Agui dang wang luo xin xi jia zhi pan duan mo xing yan jiu@f仇壮丽,吴绍龙,许冬玲著
210    @a湘潭@c湘潭大学出版社@d2022.01
215    @a149页@d24cm
330    @a本书在对网络信息价值理论进行了梳理和总结的基础上,分析了影响归档网络信息价值的因素,并运用本体论的方法,试图科学融合不同学科领域关于信息价值的理论知识,最终构建归档网络信息价值判断模型,以实现网络信息的自动选择归档。本书在系统总结国内外归档网络信息选择与保存理论成果的基础上,为网络信息归档构建了一个具有现实指导意义的理论框架和操作性强的实践指南。
606 0  @a网络信息资源@x档案整理@x研究
690    @aG255.76@v5
701  0 @a仇壮丽@Aqiu zhuang li@4著
701  0 @a吴绍龙@Awu shao long@4著
701  0 @a许冬玲@Axu dong ling@f(1986-)@4著
801  0 @aCN@bAHXH@c20221111
905    @b1375557-9@dG255.76@e50@f3
    
    归档网络信息价值判断模型研究/仇壮丽,吴绍龙,许冬玲著.-湘潭:湘潭大学出版社,2022.01
    149页;24cm
    
    
    ISBN 978-7-5687-0465-6:CNY36.00
    本书在对网络信息价值理论进行了梳理和总结的基础上,分析了影响归档网络信息价值的因素,并运用本体论的方法,试图科学融合不同学科领域关于信息价值的理论知识,最终构建归档网络信息价值判断模型,以实现网络信息的自动选择归档。本书在系统总结国内外归档网络信息选择与保存理论成果的基础上,为网络信息归档构建了一个具有现实指导意义的理论框架和操作性强的实践指南。
●
相关链接 在E读中查询图书 在五车中查询图书 在当当中查询图书 在豆瓣中查询图书


正题名:归档网络信息价值判断模型研究     索取号:G255.76/50         预约/预借

序号 登录号 条形码 馆藏地/架位号 状态 备注
1 1375557   213755578   第一样本阅览室/ [索取号:G255.76/50] 在馆    
2 1375558   213755587   第四借阅区/ [索取号:G255.76/50] 在馆    
3 1375559   213755596   第四借阅区/ [索取号:G255.76/50] 在馆    
唐山师范学院图书馆 欢迎您!
大连网信软件有限公司© 版权所有